LEADER 00909nas a2200205 i 4500 001 000000002324 003 CaOOAMICUS 005 20180830125435.0 008 180830s1893 it uu u0 0ita r 040 $aSeMil$bita 245 10$aGiornale dantesco /$cdiretto da G. L. Passerini. 260 $aFirenze :$bLeo S. Olschki,$c1893-1915. 300 $av. ;$c28 cm. 500 $aMensile, poi bimestrale. - Cessata. 500 $aConsistenza: 6. (1898) ; 15. (1907) ; 18. (1910) ; 20. (1912) - 23. (1915). - Lacune : 1898 (quad. 1) ; 1910 (dal quad. 2 in poi) ; 1913 (quad. 3, 4) 650 4$aAlighieri, Dante <1265-1321> - Periodici.$0(OLS)http://semarc/subject/675 700 1 $aPasserini, Giuseppe Lando.$0(OLS)http://semarc/name/1955 774 0 $tTitolo mancante.$w()131085 996 $6245$aGiornale dantesco$9(OLS)http://semarc/title/3899 996 $6260$aFirenze :$bLeo S. Olschki$9(OLS)http://semarc/publisher/29957 LEADER 01137nam a2200229 i 4500 001 000000191688 003 CaOOAMICUS 005 20250225123120.0 008 100820s1999 it u000 u ita u 013 $a170258 040 $aSeMil$bita 100 1 $aCroce, Benedetto,$d<1866-1952>.$0(OLS)http://semarc/name/618 245 10$a2.2: La rivoluzione napoletana del 1799 :$bbiografie, racconti, ricerche : note al testo e apparato critico /$cBenedetto Croce ; [a cura di Cinzia Cassani]. 264 1$aNapoli :$bBibliopolis,$c1999. 300 $aP. 474-666 ;$c24 cm. 700 1 $aCassani, Cinzia.$0(OLS)http://semarc/name/10559 773 0 $aCroce, Benedetto <1866-1952>$tScritti di storia letteraria e politica.$dNapoli : Bibliopolis, 1998-$g2$w()23684 850 $aSeMil 852 $aSeMil$W1$xVenegono$y1$m2OA VI 19/2$j221807$B142302$CSeMilBibl$Z2$F153835 $81 996 $6245$a2.2: La rivoluzione napoletana del 1799 :$bbiografie, racconti, ricerche : note al testo e apparato critico$9(OLS)http://semarc/title/431442 996 $6264$aNapoli :$bBibliopolis$9(OLS)http://semarc/publisher/30003